00507nam a2200121 a 450000100100000000500170001000800410002704000250006811100840009324500240017726001480020130000360034900002902820200930055303.0110413s1978 dr ac 000 0 spa d aDO-SdBNPbspacBNPHU2 aMemoria de una celebración históricad(1978:cLa Romanan14 de septiembre )14aUna victoria legal. aLa Romana, República Dominicana :bAsociación de Colonos Azucareros de la Central Romana,c[1978].fEditorial Industria de Artes Gráficas a[20] p. :bil., retrs ;c22 cm.